00796nam a22002417a 450000500170000001000130001702000100003003500130004003700160005304000120006908200110008110000290009224500600012126000340018127000590021530000270027465000220030165000230032370000270034694200200037399900190039395201420041220170124110255.0 aA-782561 c00.00 aA-782561 bCen Lib/Ret aDPLbEN aSbBHA aMargaret, Bhatty 927650 aFamily of paangar pani /cillustrated by Geeta Vadehra  aNew DelhibPufin books c1995 bNew Delhia210, Chiranjivi tower, Nehru place e110019 a142p.:c19cm(Hb)bill. aLiterature 96262 aShort stories 944 aVahedra, Geeta 927651 2ddccENhSmBHA c136174d136174 04104070aLbLd2015-12-23eCen Lib/Retl0oS BHApA-782561r2015-12-23 00:00:00t1w2015-12-23yENzW/d List No. 6849/20 : dtd 16/7/20